ნორმალური ფორმატი
MARC ფორმატი
ჩანაწერი Personal Name
ჩანაწერთა რაოდენობა, რომელიც გამოყენებულია: 1
001 - CONTROL NUMBER
- control field: 445
003 - CONTROL NUMBER IDENTIFIER
- control field: GE_BSU
005 - DATE AND TIME OF LATEST TRANSACTION
- control field: 20190423175515.0
008 - FIXED-LENGTH DATA ELEMENTS
- fixed length control field: 190423|| aca||aabn | a|a d
040 ## - CATALOGING SOURCE
- Original cataloging agency: GE_BSU
- Transcribing agency: GE_BSU
100 ## - HEADING--PERSONAL NAME
- Personal name: Шитарёв, Виктор Сергеевич
670 ## - SOURCE DATA FOUND
- Source citation: Work cat.: (GE_BSU)56790: Сокиркин, Владимир Алексеевич 441, Международное морское право Ч. 1-3 Ч.1: Субъекты международного морского права. Взаимоотношения между субъектами международного морского права Ч.2: Правовой режим путей международного торгового судоходства Ч.3: Международное морское транспортное право, 2006.
